Independent Suspension System, Modeling and Analysis of Multi-axle Vehicle / (Record no. 524888)
[ view plain ]
| 000 -LEADER | |
|---|---|
| fixed length control field | 00536nam a22001817a 4500 |
| 003 - CONTROL NUMBER IDENTIFIER | |
| control field | NUST |
| 005 - DATE AND TIME OF LATEST TRANSACTION | |
| control field | 20190627054019.0 |
| 008 - FIXED-LENGTH DATA ELEMENTS--GENERAL INFORMATION | |
| fixed length control field | 190627b ||||| |||| 00| 0 eng d |
| 038 ## - RECORD CONTENT LICENSOR | |
| Staff Name | Attaullah |
| 082 ## - DEWEY DECIMAL CLASSIFICATION NUMBER | |
| Classification number | 620.1 |
| 100 ## - MAIN ENTRY--PERSONAL NAME | |
| Personal name | Sana Fatima. |
| 9 (RLIN) | 15688 |
| 245 ## - TITLE STATEMENT | |
| Title | Independent Suspension System, Modeling and Analysis of Multi-axle Vehicle / |
| Statement of responsibility, etc. | Sana Fatima. |
| 260 ## - PUBLICATION, DISTRIBUTION, ETC. | |
| Place of publication, distribution, etc. | Islamabad. |
| Name of publisher, distributor, etc. | CEME - NUST. |
| Date of publication, distribution, etc. | 2018 |
| 300 ## - PHYSICAL DESCRIPTION | |
| Extent | 46 p. |
| Dimensions | 30 cm. |
| 500 ## - GENERAL NOTE | |
| General note | Hard Cover. |
| 600 ## - SUBJECT ADDED ENTRY--PERSONAL NAME | |
| Personal name | Mechanical Engineering - MS Thesis. |
| 9 (RLIN) | 15652 |
| 942 ## - ADDED ENTRY ELEMENTS (KOHA) | |
| Source of classification or shelving scheme | |
| Koha item type | Thesis |
| Withdrawn status | Lost status | Source of classification or shelving scheme | Damaged status | Not for loan | Permanent Location | Current Location | Shelving location | Date acquired | Total Checkouts | Full call number | Barcode | Date last seen | Price effective from | Koha item type |
|---|---|---|---|---|---|---|---|---|---|---|---|---|---|---|
| Central Library (CL) | Central Library (CL) | Thesis | 06/27/2019 | 620.1 | CL-T-1866 | 06/27/2019 | 06/27/2019 | Thesis |
